000 004200000a22001810004500
005 20120302061409.0
942 _cBOOK
100 _a Cogni,Giulio
245 _a Ahamannam-Io Sono Cibo:Essere Universale Di Jutte Le Forme
260 _aRoma:Edizioni Mediterranee,1982
300 _a128p.
040 _aITA
365 _bRs.
650 _aPhilosophy
650 _aUpanishad
650 _aYoga
650 _aVedant
999 _c353854
_d353851